000
00272nam a2200109Ia 4500
008
210107s9999 xx 000 0 und d
100
_a
Kelly, John M.
245
0
_a
Total quality management
260
_a
Ramsey
_b
Alexander Hamilton Institute
300
_a
292
942
_c
BK
999
_c
11395
_d
11395